ბათუმის შოთა რუსთაველის სახელმწიფო უნივერსიტეტის ბიბლიოთეკა

ადრეფეოდალური ხანის ქართული არქიტექტურისა და რელიეფური ქანდაკების ძეგლები : (ბიბ.ჩანაწერი № 60273)

000 -ლიდერი
ფიქსირებული სიგრძის საკონტროლო ველი 02190nam a22002417a 4500
003 - საკონტროლო ნომრის იდენტიფიკატორი
საკონტროლო ველი Ge_BSU
005 - ბოლო ოპერაციის თარიღი და დრო
საკონტროლო ველი 20230623122646.0
008 - ფიქსირებული სიგრძის მონაცემთა ელემენტები - ზოგადი ინფორმაცია
ფიქსირებული სიგრძის საკონტროლო ველი 230623s1968 ge ||||| |||| 00| 0 geo d
041 ## - ენის კოდი
Language code of text/sound track or separate title geo
080 ## - უნივერსალური ათობითი კლასიფიკაციის ინდექსი
Universal Decimal Classification number 902(479.22)+72(479.22) ა-58
100 ## - მთავარი ჩანაწერი - პიროვნების სახელი
Personal name ამირანაშვილი, ჯუანშერ
9 (RLIN) 17671
245 ## - ცნობა სათაურის შესახებ
Title ადრეფეოდალური ხანის ქართული არქიტექტურისა და რელიეფური ქანდაკების ძეგლები :
Remainder of title საქართველოს სსრ ბოლნისის რაიონის არქეოლოგიური მასალის მიხედვით /
Statement of responsibility, etc ჯუანშერ ამირანაშვილი; რედაქტორი: შ. ამირანაშვილი; საქართველოს სსრ მეცნიერებათა აკადემია, ივ. ჯავახიშვილის სახელობის ისტორიის, არქეოლოგიისა და ეთნოგრაფიის ინსტიტუტი.
264 ## - წარმოების, გამოცემის, დისტრიბუციის და სხვა ცნობები
გამოცემის, წარმოების, დისტრიბუციის... ადგილი თბილისი :
გამოცემის, წარმოების, დისტრიბუციის... სახელწოდება მეცნიერება ,
გამოცემის, წარმოების, დისტრიბუციის... თარიღი 1968.
300 ## - ფიზიკური აღწერა
Extent 58 გვ.
Other physical details ტაბულები;
Dimensions 21 სმ.
520 ## - SUMMARY, ETC.
Summary, etc რეზიუმე რუსულ ენაზე
653 ## - INDEX TERM--UNCONTROLLED
Uncontrolled term არქეოლოგიური გათხრები ბოლნისის რაიონში
653 ## - INDEX TERM--UNCONTROLLED
Uncontrolled term რელიეფური ძეგლები
653 ## - INDEX TERM--UNCONTROLLED
Uncontrolled term რელიეფური ქანდაკება
653 ## - INDEX TERM--UNCONTROLLED
Uncontrolled term ქართული რელიეფური ქანდაკება
700 ## - ADDED ENTRY--PERSONAL NAME
Personal name ამირანაშვილი, შ.
Relator term რედაქტორი
9 (RLIN) 18924
710 ## - ADDED ENTRY--CORPORATE NAME
Corporate name or jurisdiction name as entry element საქართველოს სსრ მეცნიერებათა აკადემია
Subordinate unit ივ. ჯავახიშვილის სახელობის ისტორიის, არქეოლოგიისა და ეთნოგრაფიის ინსტიტუტი.
9 (RLIN) 18925
942 ## - ADDED ENTRY ELEMENTS (KOHA)
Source of classification or shelving scheme
Koha item type წიგნი
ეგზემპლარები
ჩამოწერის სტატუსი დაკარგული ეგზემპლარის სტატუსი კლასიფიკაციის წყარო ან თაროზე გაწყობის სქემა დაზიანების სტატუსი არ გაიცემა მუდმივი მდებარეობა (დაცვის ადგილი) ამჟამინდელი ადგილსამყოფელი თაროზე განთავსების ადგილი შეძენის თარიღი ღირებულება, შესყიდვის ნორმალური ფასი სრული შენახვის შიფრი შტრიხკოდი ბოლო ოპერაციის თარიღი ეგზემპლარის მიმდევრობითი ნომერი (კეტერი?) Uniform Resource Identifier ფასის ძალაში შესვლის თარიღი ეგზემპლარის სახეობა საჯარო შენიშვნა
          ბათუმის შოთა რუსთაველის სახელმწიფო უნივერსიტეტის მთავარი ბიბლიოთეკა ბათუმის შოთა რუსთაველის სახელმწიფო უნივერსიტეტის მთავარი ბიბლიოთეკა წიგნსაცავი 2023-06-23 4.00 902(479.22)+72(479.22) ა-58 64784 2023-06-23 64784 ბსუ-ს საპატიო დოქტორის გურამ ლორთქიფანიძის საჩუქარი 2023-06-23 წიგნი 4 ლ.